000 00563nam a22001697a 4500
999 _c61513
_d61513
005 20240321105022.0
008 240321c2023 ge ||||| |||| 00| 0 geo d
022 _a01321447
041 _ageo
245 _aმოამბე :
_b2023 /
_cრედაქტორი როინ მეტრეველი.
260 _a თბილისი,
_c2022.
300 _av.
653 _aმოამბე
653 _aპერიოდიკა
700 _aმეტრეველი, როინ
_eრედაქტორი
_921505
942 _2udc
_cCR